000 01183nam2a22002411 4500
001 RU\NLR\INFOCOMM9\5000120913
005 20250616234932.0
035 _a(NLR Aleph) 002291597
090 _a4138913
_c4138913
100 _a20051021d2003 |||y0rusy50 ca
101 0 _arus
102 _aRU
105 _ay ||||000|y
200 1 _aТруды международной конференции по дифференциальным и функционально-дифференциальным уравнениям - сателлита Международного конгресса математиков ICM, 2002 (Москва, МАИ, 11-17 августа, 2002)
_hЧ.1
210 _d2003
_aБ. м.
461 0 _1001RU\NLR\INFOCOMM9\5000120900
_12001#$aСовременная математика. Фундаментальные направления$v2003, Т.1
_94194014
_cМ.
_d2003-
_nМАИ
_tСовременная математика. Фундаментальные направления
_x2413-3639
_v2003, Т.1
801 1 _aRU
_bInfoComm
_c20051021
801 0 _aRU
_bNLR
_gPSBO
852 _aNLR
_jП8/1600
942 _cISSUE
980 _aNB
980 _aRUSPER